[Event "Pfalz op 03rd"]
[Site "Neustadt an der Weinstrasse"]
[Date "2012.03.03"]
[Round "6"]
[White "Altmann, Jens"]
[Black "Schreck, Alexander"]
[Result "1/2-1/2"]
[WhiteElo "2071"]
[BlackElo "1918"]
[PlyCount "78"]
[EventDate "2012.02.17"]
[EventType "swiss"]
[EventRounds "9"]
[EventCountry "GER"]
[SourceTitle "EXT 2013"]
[Source "ChessBase"]
[SourceDate "2012.11.22"]
[SourceVersion "1"]
[SourceVersionDate "2012.11.22"]
[SourceQuality "1"]

1. e4 d6 2. d4 Nf6 3. Bd3 e5 4. c3 g6 5. f4 Qe7 6. Nf3 Bg4 7. 0-0 Nc6 8. Qb3 0-0-0 9. d5 Nb8 10. Qa4 a6 11. Be3 Bxf3 12. Rxf3 Ng4 13. Ba7 exf4 14. Rxf4 Ne5 15. Be2 Qg5 16. Rf1 f5 17. Na3 h5 18. Nc2 fxe4 19. Qxe4 Bh6 20. Be3 Qe7 21. Bxh6 Rxh6 22. Nd4 Nbd7 23. b4 Rhh8 24. Ne6 Rde8 25. c4 Nf8 26. Nxf8 Rhxf8 27. Qd4 Rxf1+ 28. Rxf1 Nd7 29. Bd3 Ne5 30. Bc2 Kb8 31. c5 Rf8 32. Rxf8+ Qxf8 33. Qe4 Qh6 34. h3 Qc1+ 35. Kh2 Qb2 36. a4 Qc3 37. cxd6 cxd6 38. b5 axb5 39. axb5 Kc7 1/2-1/2

[Event "Pfalz op 03rd"]
[Site "Neustadt an der Weinstrasse"]
[Date "2012.03.03"]
[Round "7"]
[White "Foerster, Erik"]
[Black "Altmann, Jens"]
[Result "1/2-1/2"]
[WhiteElo "1916"]
[BlackElo "2071"]
[PlyCount "39"]
[EventDate "2012.02.17"]
[EventType "swiss"]
[EventRounds "9"]
[EventCountry "GER"]
[SourceTitle "EXT 2013"]
[Source "ChessBase"]
[SourceDate "2012.11.22"]
[SourceVersion "1"]
[SourceVersionDate "2012.11.22"]
[SourceQuality "1"]

1. d4 Nf6 2. c4 e5 3. dxe5 Ne4 4. a3 d6 5. exd6 Bxd6 6. Nf3 Nxf2 7. Qd4 Nxh1 8. Qxg7 Rf8 9. Bg5 Be7 10. Nc3 Bxg5 11. Nxg5 Nd7 12. Nxh7 Qh4+ 13. g3 Qxh2 14. 0-0-0 Qxg3 15. Nf6+ Nxf6 16. Qxf6 Be6 17. Nd5 Qd6 18. Qg5 f6 19. Qg6+ Bf7 20. Qe4+ 1/2-1/2

[Event "Pfalz op 01st"]
[Site "Neustadt an der Weinstrasse"]
[Date "2008.02.16"]
[Round "1"]
[White "Altmann, Jens"]
[Black "Markowski, Tomasz"]
[Result "0-1"]
[WhiteElo "2075"]
[BlackElo "2585"]
[PlyCount "68"]
[EventDate "2008.02.16"]
[EventType "swiss"]
[EventRounds "9"]
[EventCountry "GER"]
[SourceTitle "CBM 122 Extra"]
[Source "ChessBase"]
[SourceDate "2008.03.04"]
[SourceVersion "1"]
[SourceVersionDate "2008.03.04"]
[SourceQuality "1"]

1. e4 c5 2. Nc3 Nc6 3. f4 g6 4. Nf3 Bg7 5. Bb5 Nd4 6. d3 e6 7. 0-0 Ne7 8. Nxd4 cxd4 9. Ne2 0-0 10. Bd2 d6 11. Qe1 Bd7 12. Bxd7 Qxd7 13. Qh4 Rac8 14. c3 dxc3 15. Bxc3 f5 16. Rf3 Rf7 17. Bxg7 Kxg7 18. Nc3 d5 19. Qf2 d4 20. Ne2 Nc6 21. e5 Qd5 22. Rh3 Rd8 23. Qh4 Kg8 24. Qg5 Rc8 25. Rf3 Qa5 26. Ng3 Qd2 27. Nh5 Nxe5 28. Nf6+ Rxf6 29. Qxf6 Nxf3+ 30. gxf3 Qe3+ 31. Kh1 Qxf3+ 32. Kg1 Qe3+ 33. Kh1 Rf8 34. Qe7 Rf7 0-1